Welcome to the Holygrace Academy Library

Please use search bar below to get started

MARY-KATE AND ASHLEY (Record no. 460)

MARC details
000 -LEADER
fixed length control field 00552nam a22001457a 4500
020 ## - INTERNATIONAL STANDARD BOOK NUMBER
ISBN 0-00-714469-5
082 ## - DEWEY DECIMAL CLASSIFICATION NUMBER
Classification number 823
Item number CAT/CO
100 ## - MAIN ENTRY--AUTHOR NAME
Personal name JUDY KATSCHKE
245 ## - TITLE STATEMENT
Title MARY-KATE AND ASHLEY
Remainder of title TWO OF A KIND
260 ## - PUBLICATION, DISTRIBUTION, ETC. (IMPRINT)
Place of publication UNITED KINGDOM
Name of publisher HARPER COLLINS PUBLICATIONS
Year of publication 2000
300 ## - PHYSICAL DESCRIPTION
Number of Pages 100
520 ## - SUMMARY, ETC.
Summary, etc Mary-Kate and Ashley find out that the kids in the club have a huge secret - one that could get them into very big trouble! Adapted by Judy Katschke.From the series created by Robert Griffard and Howard Adler.
650 ## - SUBJECT ADDED ENTRY--TOPICAL TERM
Topical Term THE COOL CLUB
942 ## - ADDED ENTRY ELEMENTS (KOHA)
Koha item type Books
Holdings
Withdrawn status Lost status Collection code Home library Current library Shelving location Date acquired Source of acquisition Cost, normal purchase price Full call number Accession Number Koha item type
    Fiction Main Library Main Library On Display 13/03/2014 purchase 99.00 823 CAT/CO 07879 Books
    Reference Main Library Main Library SHELF 1-J-ENGLISH NOVELS FOR TEACHERS 22/03/2014 purchase   823 CAT/CO 08082 Books